<?xml version="1.0" encoding="UTF-8"?><?xml-stylesheet type="text/xsl" href="static/style.xsl"?><OAI-PMH xmlns="http://www.openarchives.org/OAI/2.0/" xmlns:xsi="http://www.w3.org/2001/XMLSchema-instance" xsi:schemaLocation="http://www.openarchives.org/OAI/2.0/ http://www.openarchives.org/OAI/2.0/OAI-PMH.xsd"><responseDate>2026-04-27T19:50:26Z</responseDate><request verb="GetRecord" identifier="oai:uvadoc.uva.es:10324/52253" metadataPrefix="marc">https://uvadoc.uva.es/oai/request</request><GetRecord><record><header><identifier>oai:uvadoc.uva.es:10324/52253</identifier><datestamp>2025-02-21T10:28:34Z</datestamp><setSpec>com_10324_38</setSpec><setSpec>col_10324_852</setSpec></header><metadata><record xmlns="http://www.loc.gov/MARC21/slim" xmlns:doc="http://www.lyncode.com/xoai" xmlns:xsi="http://www.w3.org/2001/XMLSchema-instance" xmlns:dcterms="http://purl.org/dc/terms/" xsi:schemaLocation="http://www.loc.gov/MARC21/slim http://www.loc.gov/standards/marcxml/schema/MARC21slim.xsd">
<leader>00925njm 22002777a 4500</leader>
<datafield tag="042" ind1=" " ind2=" ">
<subfield code="a">dc</subfield>
</datafield>
<datafield tag="720" ind1=" " ind2=" ">
<subfield code="a">Rámirez Alcázar, Estefanía</subfield>
<subfield code="e">author</subfield>
</datafield>
<datafield tag="260" ind1=" " ind2=" ">
<subfield code="c">2022</subfield>
</datafield>
<datafield tag="520" ind1=" " ind2=" ">
<subfield code="a">La presente investigación aborda la inclusión educativa como un elemento sustancial para conseguir una educación de calidad. El objetivo que se persigue es analizar la transcendencia que ha tenido la pandemia ocasionada por el COVID-19 en la inclusión educativa en el sistema educativo español y portugués. Para lograrlo, se emplea una metodología cualitativa mediante la realización del análisis de los protocolos y medidas dictadas por ambos sistemas educativos, la realización de entrevistas semiestructuradas a docentes y la elaboración de un relato autobibliográfico por parte de la investigadora. Los resultados evidencian que no se ha logrado el alcance de la inclusión educativa ante la situación sanitaria actual y que es necesaria una transformación de la educación para poder conseguir que sea íntegra, inclusiva y de calidad.</subfield>
</datafield>
<datafield tag="024" ind2=" " ind1="8">
<subfield code="a">https://uvadoc.uva.es/handle/10324/52253</subfield>
</datafield>
<datafield tag="245" ind1="0" ind2="0">
<subfield code="a">La inclusión educativa en tiempos de covid-19. El sistema educativo español vs sistema educativo portugués</subfield>
</datafield>
</record></metadata></record></GetRecord></OAI-PMH>